Cathedrals in Europe by Country - Statistics

General Stats
  • This quiz has been taken 87 times
  • The average score is 9 of 16
Answer Stats
Picture Answer % Correct
Russia
96%
Germany
94%
France
89%
Italy
89%
United Kingdom
71%
Italy
67%
United Kingdom
60%
Spain
55%
France
49%
France
46%
Belgium
35%
France
35%
Germany
30%
Czech Republic
27%
Slovakia
23%
Poland
22%
No matching quizzes found
Score Distribution
Percent of People with Each Score
Percentile by Number Answered
Your Score History
You have not taken this quiz